Anuario del Observatorio Astronómico Nacional de Tacubaya (Record no. 6587)

MARC details
000 -CABECERA
campo de control de longitud fija 01054nam a2200289 a 4500
001 - NÚMERO DE CONTROL
campo de control BRCA_6905
005 - FECHA Y HORA DE LA ÚLTIMA TRANSACCIÓN
campo de control 20190320205633.0
008 - DATOS DE LONGITUD FIJA--INFORMACIÓN GENERAL
campo de control de longitud fija 810522d1913----mx-a######---#000-0#spa-d
041 ## - CÓDIGO DE LENGUA
Código de lengua del texto/banda sonora o título independiente spa
044 ## - CÓDIGO DEL PAÍS DE LA ENTIDAD EDITORA/PRODUCTORA
Código MARC del país mx
050 #4 - SIGNATURA TOPOGRÁFICA DE LA BIBLIOTECA DEL CONGRESO
Número de clasificación QB9
Número de documento/Ítem .G36 4
-- 1912
100 1# - ENTRADA PRINCIPAL--NOMBRE DE PERSONA
Nombre de persona Gama, Valentín
9 (RLIN) 17195
245 10 - MENCIÓN DE TÍTULO
Título Anuario del Observatorio Astronómico Nacional de Tacubaya
Resto del título para el año de 1912
Mención de responsabilidad, etc. formado bajo la dirección de Valentín Gama.
260 ## - PUBLICACIÓN, DISTRIBUCIÓN, ETC.
Lugar de publicación, distribución, etc. México
Nombre del editor, distribuidor, etc. Imprenta y fofotipia de la Secretaría de Fomento
Fecha de publicación, distribución, etc. 1911 y 1913
300 ## - DESCRIPCIÓN FÍSICA
Extensión 2 v.
Otras características físicas il.
Dimensiones 18 cm.
440 #0 - MENCIÓN DE SERIE/PUNTO DE ACCESO ADICIONAL--TÍTULO
Título Anuario del Observatorio Astronómico Nacional de Tacubaya
9 (RLIN) 17196
500 ## - NOTA GENERAL
Nota general Incluye tablas meteorológicas
500 ## - NOTA GENERAL
Nota general El volúmen 2 es de 1913
500 ## - NOTA GENERAL
Nota general Estado físico: ambos ejemplares deteriorados
500 ## - NOTA GENERAL
Nota general Ver también CFG67, CFG68, L70 y L213
500 ## - NOTA GENERAL
Nota general L170
505 0# - NOTA DE CONTENIDO CON FORMATO
Nota de contenido con formato Contenido: v.1. Año XXXII.-- v.2. Año XXXIV
650 14 - PUNTO DE ACCESO ADICIONAL DE MATERIA--TÉRMINO DE MATERIA
Término de materia o nombre geográfico como elemento de entrada Astronomía
Subdivisión de forma Anuario
Subdivisión general Observaciones
Subdivisión geográfica México
9 (RLIN) 17197
700 1# - PUNTO DE ACCESO ADICIONAL--NOMBRE DE PERSONA
Nombre de persona Gallo, Joaquín
9 (RLIN) 17198
902 ## - CATALOGADOR
Iniciales GFM
942 ## - ELEMENTOS DE PUNTO DE ACCESO ADICIONAL (KOHA)
Fuente del sistema de clasificación o colocación Library of Congress Classification
Tipo de ítem Koha Libros
Holdings
Estado de retiro Estado de pérdida Estado dañado No para préstamo Localización permanente Ubicación/localización actual Fecha de adquisición Número de inventario Total de préstamos Signatura topográfica completa Código de barras Fecha visto por última vez Precio válido a partir de Tipo de ítem Koha
El ejemplar forma parte de la colección y puede ser consultado según las políticas vigentes.       Biblioteca del Museo Franz Mayer (Rogerio Casas-Alatriste) Biblioteca del Museo Franz Mayer (Rogerio Casas-Alatriste) 15/11/2011 L170   QB9 .G36 4 1912 (L170) 7352 22/03/2019 22/03/2019 Libros